[Event "Challenge"]
[Site "http://www.queenalice.com/game.php?id=929130"]
[Date "2011.4.22"]
[Round "-"]
[White "FranzMeM"]
[Black "alcantaraafonso"]
[Result "1-0"]
[WhiteElo "1497"]
[BlackElo "1198"]

1. e4 e5 2. Bc4 g6 3. Qf3 Nf6 4. d3 Bg7 5. Nc3 O-O 6. Bg5 c6 7. Bxf6 Bxf6 8. g3
d5 9. exd5 cxd5 10. Bxd5 Nd7 11. O-O-O Bg7 12. Nge2 Nb6 13. Be4 Be6 14. Bxb7 Rb8
15. h4 a5 16. g4 Qc7 17. Bd5 Bxd5 18. Nxd5 Nxd5 19. Qxd5 Rbc8 20. c3 Rcd8 21.
Qe4 a4 22. Qxa4 Rb8 23. Qe4 Qb7 24. Qxb7 Rxb7 25. g5 f6 26. h5 fxg5 27. hxg6
hxg6 28. Rh2 g4 29. Kc2 Rfb8 30. b4 Ra7 31. Ra1 Rc8 32. a4 e4 33. d4 g5 34. Rg2
Rca8 35. a5 Rf7 36. Kd2 Raf8 37. Rxg4 Rxf2 38. Rxg5 Re8 39. a6 e3+ 40. Kd3 Kf7
41. a7 Kf6 42. Rc5 Ke6 43. b5 Rd8 44. b6 Kd6 45. b7 Rf4 46. b8=Q+ Rxb8 47.
axb8=Q+ Ke6 48. Nxf4+ Kf6 49. Ra6+ Kf7 50. Rc7# 1-0

[Event "Kraj´s Challenge"]
[Site "http://www.queenalice.com/game.php?id=929424"]
[Date "2011.4.23"]
[Round "-"]
[White "Krajnicov"]
[Black "alcantaraafonso"]
[Result "1-0"]
[WhiteElo "1576"]
[BlackElo "1200"]

1. e4 g6 2. Qf3 Bg7 3. Bc4 e6 4. h4 Nf6 5. d4 O-O 6. h5 Nxh5 7. Qh3 d5 8. Be2
dxe4 9. g4 Nf6 10. Bg5 a5 11. Bxf6 Bxf6 12. Qxh7# 1-0

[Event "Kraj´s Challenge"]
[Site "http://www.queenalice.com/game.php?id=929428"]
[Date "2011.4.23"]
[Round "-"]
[White "alcantaraafonso"]
[Black "Krajnicov"]
[Result "0-1"]
[WhiteElo "1194"]
[BlackElo "1578"]

1. e4 e5 2. g3 Qf6 3. Bg2 Bc5 4. Nf3 g5 5. c4 g4 6. O-O gxf3 7. Bxf3 h5 8. Nc3
c6 9. Na4 Bd4 10. Nc3 Qg6 11. Bg2 Nf6 12. d3 Rg8 13. a4 h4 14. Ne2 Bc5 15. gxh4
Qxg2# 0-1

[Event "Challenge"]
[Site "http://www.queenalice.com/game.php?id=929627"]
[Date "2011.4.23"]
[Round "-"]
[White "alcantaraafonso"]
[Black "Miague"]
[Result "1/2-1/2"]
[WhiteElo "1192"]
[BlackElo "1117"]

1. e4 a5 2. Bc4 d5 3. exd5 Ra6 4. Qf3 h5 5. b4 axb4 6. d6 e6 7. Bb5+ c6 8. Bc4
g5 9. Nh3 g4 10. Qf4 gxh3 11. gxh3 f6 12. Qe3 Qxd6 13. Bd3 h4 14. c3 b3 15. Na3
bxa2 16. Rxa2 e5 17. Rb2 Be6 18. Rxb7 Nd7 19. Bxa6 Nc5 20. Bc4 Nxb7 21. Qb6 Qd7
22. Bxe6 Qe7 23. Bf5 Nh6 24. Bg6+ Nf7 25. Nc4 Bh6 26. Ba3 Qd7 27. Rg1 Rg8 28. f3
Bf4 29. Ke2 Bxh2 30. Rg2 Bf4 31. Bb4 e4 32. fxe4 Qc7 33. Qa7 Kd8 34. Qa8+ Qb8
35. Qxb8+ Bxb8 36. Rg4 Ke8 37. d4 Rg7 38. d5 c5 39. Ba3 Kf8 40. e5 f5 41. Bxf5
Bxe5 42. Nxe5 Nxe5 43. Re4 Nf7 44. d6 Nbxd6 45. Bxc5 Kg8 46. Rf4 Nb7 47. Rxh4
Nxc5 48. Bh7+ Kf8 49. Bc2 Rg3 50. Rc4 Ne6 51. Rc6 Ke7 52. Bb3 Nd4+ 53. Kf2 Nf5
54. Re6+ Kf8 55. Rf6 Rg5 56. Rxf7+ Ke8 57. c4 Kxf7 58. c5+ Ke7 59. c6 Kd8 60.
Be6 Nd4 61. Bd7 Rc5 62. Ke3 Nc2+ 63. Kd3 Kc7 64. h4 Na3 65. h5 Rxh5 66. Kc3 Nb1+
67. Kd3 Rh2 68. Ke4 Nd2+ 69. Kd5 Rh5+ 70. Kd4 Nb3+ 71. Kd3 Rc5 72. Ke4 Na5 73.
Kd4 Rc4+ 74. Kd3 Kb6 75. Be8 Kb5 76. c7+ Kb4 77. Bd7 Rxc7 78. Be6 Rc3+ 79. Kd4
Nc6+ 80. Kd5 Nd8 81. Ke5 Rc5+ 82. Kd6 Nc6 83. Bd7 Ne5 84. Be6 Kc3 85. Kxc5 Nd3+
1/2-1/2

[Event "Challenge"]
[Site "http://www.queenalice.com/game.php?id=929629"]
[Date "2011.4.23"]
[Round "-"]
[White "alcantaraafonso"]
[Black "jesieljr"]
[Result "0-1"]
[WhiteElo "1256"]
[BlackElo "1280"]

1. e4 e5 2. Bc4 Nc6 3. Qf3 Nh6 4. g4 g5 5. d3 Nd4 6. Qg3 Qf6 7. Ne2 Bc5 8. b3
Nxc2+ 9. Kf1 Nxa1 10. Bb2 Nc2 11. Nbc3 Ne3+ 12. Ke1 Nc2+ 13. Kd1 Ne3+ 14. fxe3
Qa6 15. Bxa6 bxa6 16. d4 exd4 17. exd4 Bb4 18. d5 d6 19. a3 Bc5 20. Rf1 Nxg4 21.
h3 Ne3+ 22. Ke1 Nc2+ 23. Kd1 Ne3+ 24. Ke1 h5 25. Rf3 h4 26. Qxg5 Nc2+ 27. Kd2
Nd4 28. Rf4 Nxb3+ 29. Kd3 Bxh3 30. Qg7 O-O-O 31. Qxf7 Rhf8 32. Qg7 Rg8 33. Qf6
Bb6 34. Qxh4 Nc5+ 35. Kc2 Bd7 36. Rf7 Na4 37. Nxa4 Bxa4+ 38. Kc3 Ba5+ 39. Kd3
Bb5+ 40. Ke3 Bb6+ 41. Bd4 Be8 42. Qh7 Bxf7 43. Qxf7 Rh8 44. Qf3 Rhf8 45. Qh3+
Kb8 46. Bxb6 axb6 47. Nd4 Kb7 48. Nc6 Rh8 49. Qf1 Rdf8 50. Qe2 Rh3+ 51. Kd2 Rxa3
52. Nb4 c5 53. Nc6 Ra2+ 54. Ke1 Rxe2+ 55. Kxe2 Re8 56. Ke3 b5 57. Kd3 c4+ 58.
Kd4 Kb6 59. Nb4 a5 60. Nc6 b4 61. Kxc4 Rxe4+ 62. Kb3 Re3+ 63. Kc4 b3 64. Nd4 b2
65. Nb5 b1=Q 66. Nc3 Qc1 67. Kd4 Qxc3# 0-1

[Event "Challenge"]
[Site "http://www.queenalice.com/game.php?id=929630"]
[Date "2011.4.23"]
[Round "-"]
[White "alcantaraafonso"]
[Black "UIA"]
[Result "0-1"]
[WhiteElo "1200"]
[BlackElo "848"]

1. e4 e5 2. Qh5 d6 3. Bc4 Nh6 4. d3 Bg4 5. Bxf7+ Kd7 6. Be6+ Kxe6 7. Qf5+ Bxf5
8. exf5+ Nxf5 9. g4 Nd4 10. Be3 Nxc2+ 11. Kd1 Nxa1 12. Nf3 Qf6 13. Bg5 Qxf3+ 14.
Ke1 Qxh1+ 15. Ke2 Qxb1 16. Bd8 Qxb2+ 17. Ke3 Nc2+ 18. Kf3 Nc6 19. Bxc7 N6d4+ 20.
Ke4 d5# 0-1

[Event "Challenge"]
[Site "http://www.queenalice.com/game.php?id=932982"]
[Date "2011.5.2"]
[Round "-"]
[White "soudeDeus"]
[Black "alcantaraafonso"]
[Result "1-0"]
[WhiteElo "1167"]
[BlackElo "1192"]

1. Nf3 g6 2. b3 Nf6 3. Bb2 Bg7 4. g3 d6 5. Bg2 c5 6. d4 b6 7. Ng5 O-O 8. Bxa8 a5
9. dxc5 bxc5 10. Nd2 Ba6 11. Nde4 Nbd7 12. h4 Qxa8 13. Nxf6+ Nxf6 14. Rg1 e5 15.
Qxd6 a4 16. bxa4 Bb7 17. Bxe5 Qxa4 18. Bxf6 Bh6 19. Ne6 fxe6 20. Qxe6+ Rf7 21.
Rd1 Qxc2 22. Rd8+ Bf8 23. Rd7 Qc1+ 24. Rd1 Qc2 25. Rh1 Bg7 26. Rd8+ Bf8 27. Rd7
Qc1+ 28. Rd1 Qh6 29. e3 c4 30. Rd7 Bg7 31. Qxf7+ Kh8 32. Rd8# 1-0

[Event "Challenge"]
[Site "http://www.queenalice.com/game.php?id=934439"]
[Date "2011.5.5"]
[Round "-"]
[White "alcantaraafonso"]
[Black "Miague"]
[Result "1-0"]
[WhiteElo "1175"]
[BlackElo "1132"]

1. g3 a5 2. e3 d5 3. Qf3 e5 4. Qh5 Nf6 5. Qxe5+ Be7 6. Bb5+ Bd7 7. Bd3 O-O 8.
Qf4 c5 9. Qh4 b5 10. b3 Ra6 11. Bb2 d4 12. exd4 Re8 13. dxc5 Bxc5+ 14. Ne2 h6
15. h3 b4 16. g4 Bc6 17. Bxf6 gxf6 18. Qxh6 Bxh1 19. Qh7+ Kf8 20. c3 Rd6 21. Bc4
Be4 22. Qxf7# 1-0

[Event "Challenge"]
[Site "http://www.queenalice.com/game.php?id=935806"]
[Date "2011.5.8"]
[Round "-"]
[White "soudeDeus"]
[Black "alcantaraafonso"]
[Result "1/2-1/2"]
[WhiteElo "1449"]
[BlackElo "1248"]

1. g3 e5 2. Bg2 Qg5 3. b3 c6 4. h4 Qf6 5. f3 b5 6. Nc3 b4 7. Ne4 Qg6 8. Bb2 d5
9. Nf2 e4 10. fxe4 Bc5 11. Ngh3 Nf6 12. exd5 Nxd5 13. a3 Qf6 14. Bxf6 gxf6 15.
axb4 Nxb4 16. Nd3 O-O 17. Nxb4 Bxb4 18. Rf1 Bg4 19. c3 Bc5 20. Bxc6 Nxc6 21. Nf4
Ne5 22. Ra5 Rae8 23. Rxc5 Nf3+ 24. Kf2 Re7 25. exf3 Be6 26. Nxe6 fxe6 27. Qc1 e5
28. Qa3 Kg7 29. Ra5 Rfe8 30. Re1 f5 31. Qxe7+ Rxe7 32. Raxe5 Rd7 33. d4 Rc7 34.
Re7+ Rxe7 35. Rxe7+ Kg6 36. Rxa7 h5 37. b4 f4 38. gxf4 Kf5 39. Ke3 Ke6 40. Ra5
Kd6 41. Rxh5 Ke6 42. Rc5 Kd6 43. b5 Kd7 44. b6 Kd6 45. b7 Ke6 46. b8=Q Kf6 47.
Re5 Kg6 48. Qf8 Kh7 49. Rg5 1/2-1/2

[Event "Challenge"]
[Site "http://www.queenalice.com/game.php?id=937591"]
[Date "2011.5.13"]
[Round "-"]
[White "alcantaraafonso"]
[Black "lfsantanna"]
[Result "0-1"]
[WhiteElo "1224"]
[BlackElo "1026"]

1. e4 e5 2. Qh5 Nf6 3. Qxe5+ Be7 4. Bc4 O-O 5. Qg3 Nxe4 6. Qh3 h6 7. d3 Ng5 8.
Qh4 Nf3+ 9. Nxf3 Bxh4 10. Nxh4 Qxh4 11. g3 Qe7+ 12. Kd1 d6 13. Nc3 Bg4+ 14. f3
Bxf3+ 15. Kd2 Bxh1 16. g4 Re8 17. Ne4 Bxe4 18. dxe4 Qxe4 19. Bd3 Qe1# 0-1

[Event "Challenge"]
[Site "http://www.queenalice.com/game.php?id=938396"]
[Date "2011.5.15"]
[Round "-"]
[White "FranzMeM"]
[Black "alcantaraafonso"]
[Result "1-0"]
[WhiteElo "1525"]
[BlackElo "1224"]

1. e4 e5 2. Bc4 f6 3. Nf3 b6 4. d3 Bb7 5. a3 a6 6. Nc3 Nc6 7. Bd5 Nge7 8. Bxc6
Nxc6 9. O-O h5 10. Be3 h4 11. b4 a5 12. bxa5 Rxa5 13. Bd2 Rc5 14. Rb1 Ra5 15. a4
Nd4 16. Nxd4 exd4 17. Ne2 Rg5 18. Nxd4 f5 19. Bxg5 Qxg5 20. Nxf5 h3 21. g3 d5
22. exd5 Qxf5 23. Qe2+ Be7 24. Rfe1 O-O 25. c4 Bc5 26. Rf1 c6 27. d6 Bd4 28. d7
c5 29. Rxb6 Bf3 30. Qe6+ Qxe6 31. Rxe6 Bg2 32. Re8 Bf6 33. Rxf8+ Kxf8 34. Re1
Kf7 35. a5 Kg6 36. a6 Kg5 37. a7 Kg4 38. Ra1 g6 39. a8=Q Bxa8 40. Rxa8 Kf3 41.
Rf8 Ke2 42. Rxf6 Kxd3 43. Rxg6 Kxc4 44. d8=Q Kb4 45. f4 c4 46. f5 c3 47. f6 c2
48. Qc7 Kb3 49. f7 Kb2 50. Rb6+ Kc1 51. f8=Q Kd2 52. Qf2+ Kd3 53. Qcxc2# 1-0

[Event "Challenge"]
[Site "http://www.queenalice.com/game.php?id=941012"]
[Date "2011.5.21"]
[Round "-"]
[White "alcantaraafonso"]
[Black "FranzMeM"]
[Result "1-0"]
[WhiteElo "1220"]
[BlackElo "1526"]

1. g3 e5 2. b3 Nf6 3. Bb2 Nc6 4. Bg2 d5 5. Nc3 Be6 6. d4 exd4 7. Nb5 Bb4+ 8. Kf1
a6 9. Nxd4 Nxd4 10. Bxd4 b6 11. Nf3 Bd6 12. Ng5 h6 13. Nxe6 fxe6 14. Qd3 e5 15.
Bb2 c6 16. c4 O-O 17. cxd5 c5 18. b4 cxb4 19. Qc4 a5 20. Re1 Ng4 21. Qxg4 a4 22.
Be4 Qf6 23. f3 a3 24. Bc1 b3 25. axb3 a2 26. Bb2 Bb4 27. Rd1 Bd6 28. Qh3 Qg5 29.
Qe6+ Kh8 30. Qxd6 b5 31. Qc5 h5 32. h4 Qxg3 33. d6 Rf4 34. Bxa8 Rxh4 35. Qc8+
Kh7 36. Rxh4 Qxh4 37. Be4+ g6 38. Qc7+ Kh6 39. d7 Qh1+ 40. Kf2 Qxd1 41. d8=Q
a1=Q 42. Qh8+ Kg5 43. Qcxe5+ Kh4 44. Bxa1 Qxb3 45. Bxg6 1-0

[Event "Challenge"]
[Site "http://www.queenalice.com/game.php?id=976239"]
[Date "2011.8.24"]
[Round "-"]
[White "alcantaraafonso"]
[Black "Schichtl"]
[Result "0-1"]
[WhiteElo "1257"]
[BlackElo "1146"]

1. e4 g6 2. Bd3 e6 3. b3 Bd6 4. Nc3 Nf6 5. Qf3 Nc6 6. Nb5 Be7 7. Nh3 a6 8. Qe3
axb5 9. Bxb5 Ra5 10. c4 Nb4 11. Qc3 h6 12. a3 c6 13. axb4 Rxa1 14. Qxa1 cxb5 15.
e5 Ne4 16. f3 Ng5 17. Nxg5 hxg5 18. O-O Bxb4 19. d4 Qb6 20. Bxg5 O-O 21. f4 bxc4
22. bxc4 Bd2 23. Bh6 Re8 24. c5 Qb3 25. Rf2 Be3 26. f5 Bxh6 27. Qa2 Qd1+ 28. Rf1
Qxd4+ 29. Kh1 gxf5 30. Qf2 Be3 31. h4 Bxf2 32. h5 Qh4# 0-1

[Event "Challenge"]
[Site "http://www.queenalice.com/game.php?id=977244"]
[Date "2011.8.26"]
[Round "-"]
[White "umgeher"]
[Black "alcantaraafonso"]
[Result "1-0"]
[WhiteElo "1643"]
[BlackElo "1259"]

1. e4 e5 2. d4 d5 3. Nc3 c6 4. Nf3 f6 5. dxe5 Bg4 6. exf6 Nxf6 7. e5 Ne4 8. Qd4
Nxc3 9. Bg5 c5 10. Qxg4 Be7 11. bxc3 h5 12. Qe6 Nc6 13. Rd1 Qa5 14. Qg6+ Kf8 15.
Nd2 Qxa2 16. e6 d4 17. Qf7# 1-0

[Event "Challenge"]
[Site "http://www.queenalice.com/game.php?id=985197"]
[Date "2011.9.14"]
[Round "-"]
[White "jbugg"]
[Black "alcantaraafonso"]
[Result "1-0"]
[WhiteElo "1404"]
[BlackElo "1257"]

1. e4 e5 2. Nf3 c6 3. Nxe5 Nf6 4. Nc3 d6 5. Nf3 d5 6. e5 Ng8 7. Bd3 g6 8. O-O
Na6 9. Qe2 Nc5 10. b3 Bg7 11. b4 Nxd3 12. Qxd3 Bf5 13. Qe3 Ne7 14. d3 b5 15. Ba3
a6 16. Rae1 a5 17. bxa5 Rxa5 18. Qc1 Qa8 19. Nb1 c5 20. Nc3 b4 21. Bb2 d4 22. e6
fxe6 23. Ng5 bxc3 24. Qf4 cxb2 25. Nxe6 Kf7 26. Qd6 Bxe6 27. Qxe6+ Ke8 28. Qxe7#
1-0

[Event "rematch?"]
[Site "http://www.queenalice.com/game.php?id=987054"]
[Date "2011.9.19"]
[Round "-"]
[White "alcantaraafonso"]
[Black "jbugg"]
[Result "1-0"]
[WhiteElo "1247"]
[BlackElo "1378"]

1. d4 d5 2. Nf3 Nf6 3. b3 e6 4. Nc3 Nc6 5. g3 Bb4 6. Bb2 O-O 7. Bg2 a6 8. a3 Ba5
9. e3 Qe7 10. b4 Bb6 11. Ne2 a5 12. c3 Ne4 13. O-O a4 14. Nf4 Ba7 15. Nd2 e5 16.
Nxd5 Qd6 17. c4 Qd7 18. Nxe4 Qf5 19. Nxc7 Rb8 20. Qf3 Qd7 21. b5 Qxc7 22. bxc6
bxc6 23. Rab1 f5 24. Qh5 fxe4 25. Bxe4 h6 26. Qg6 Rf6 27. Qh7+ Kf7 28. d5 c5 29.
f4 Bh3 30. Bf3 Bxf1 31. Bh5+ Ke7 32. Rxf1 Rxb2 33. Rd1 Rb3 34. d6+ Rxd6 35.
Qxg7+ Kd8 36. Qf8+ Kd7 37. Bg4+ Kc6 38. Bf3+ Kb6 39. Rxd6+ Ka5 40. fxe5 Rb8 41.
Qxh6 Rb6 42. h4 Qf7 43. Kg2 Qxc4 44. Qf8 Bb8 45. Qd8 Bxd6 46. exd6 Qd3 47. d7
Qc2+ 48. Kh3 Qf5+ 49. Bg4 Qf1+ 50. Kh2 Qf2+ 51. Kh3 Qxe3 52. Qc7 Qxa3 53. d8=Q
Qb4 54. Be2 a3 55. Qa7# 1-0